Normal view MARC view

Entry Personal Name

Number of records used in: 1

001 - CONTROL NUMBER

  • control field: 872641

003 - CONTROL NUMBER IDENTIFIER

  • control field: OSt

005 - DATE AND TIME OF LATEST TRANSACTION

  • control field: 20260114185639.0

008 - FIXED-LENGTH DATA ELEMENTS

  • fixed length control field: 260114|| aca||aabn | a|a d

040 ## - CATALOGING SOURCE

  • Original cataloging agency: OSt
  • Transcribing agency: OSt

100 ## - HEADING--PERSONAL NAME

  • Personal name: Evan Mawdsley

670 ## - SOURCE DATA FOUND

  • Source citation: Work cat.: (OSt)1471589: Evan Mawdsley, Thunder in the East The Nazi-Soviet War 1941-1945, 2015
Copyright @ Delhi University Library System